[Event "VI Torneo Primavera Vomero"]
[Site "Napoli ITA"]
[Date "2009.03.26"]
[Round "3"]
[White "Franco, Vincenzo"]
[Black "Gallo, Thomas Renato"]
[Result "0-1"]
[WhiteElo "1790"]
[BlackElo "1888"]
[PlyCount "102"]
[EventDate "2009.03.12"]

1. e4 g6 2. d4 d6 3. Nf3 Bg7 4. Bc4 e6 5. O-O Nd7 6. Re1 Ne7 7. Nbd2 O-O 8. Nf1
c6 9. Bb3 b5 10. c3 Bb7 11. Bg5 Re8 12. Ng3 c5 13. Qe2 a6 14. Rad1 Qc7 15. h4
h6 16. Bxe7 Rxe7 17. h5 c4 18. Bc2 e5 19. hxg6 fxg6 20. Nh4 Nf8 21. Qd2 Bc8 22.
Rf1 Be6 23. Qe3 Kh7 24. Rd2 Bf6 25. Nf3 Rf7 26. dxe5 dxe5 27. Rfd1 Bg4 28. Rd5
Be6 29. Qc5 Bxd5 30. Qxc7 Rxc7 31. exd5 Rd8 32. Ne4 Bg7 33. d6 Rc6 34. Rd5 Nd7
35. a4 Rb6 36. a5 Rc6 37. g4 Rf8 38. Kg2 Rf4 39. Kg3 Kg8 40. g5 h5 41. Ned2
Rg4+ 42. Kh3 Kf7 43. Nh4 Rxg5 44. Ndf3 Rg4 45. Nh2 Ke6 46. Rd2 Rxd6 47. Rxd6+
Kxd6 48. Nxg4 hxg4+ 49. Kxg4 Nc5 50. Nxg6 Nd3 51. Nh4 Bf6 0-1

[Event "VI Torneo Primavera Vomero"]
[Site "Napoli ITA"]
[Date "2009.03.26"]
[Round "3"]
[White "Irtuso, Emanuele"]
[Black "De Meo, Guido"]
[Result "0-1"]
[WhiteElo "1714"]
[BlackElo "1974"]
[PlyCount "49"]
[EventDate "2009.03.12"]

1. e4 c5 2. Nf3 d6 3. d4 cxd4 4. Nxd4 Nf6 5. Nc3 a6 6. Be2 e5 7. Nf3 b5 8. Bg5
Nbd7 9. O-O Bb7 10. Nd5 Be7 11. Nxe7 Qxe7 12. Bd3 O-O 13. Qe2 h6 14. Bxf6 Nxf6
15. Nd2 d5 16. f3 Rfe8 17. Nb3 dxe4 18. fxe4 Rad8 19. Rae1 Bc8 20. h3 Nh7 21.
Qf2 Ng5 22. Re3 Ne6 23. Rf3 Nf4 24. Nc1 Be6 25. Ne2 {phone default} 0-1

[Event "VI Torneo Primavera Vomero"]
[Site "Napoli ITA"]
[Date "2009.03.26"]
[Round "3"]
[White "La Gatta, Giovanni"]
[Black "Capozzoli, Silvio"]
[Result "1-0"]
[WhiteElo "2136"]
[BlackElo "1944"]
[PlyCount "86"]
[EventDate "2009.03.12"]

1. d4 Nf6 2. c4 d6 3. Nc3 e5 4. Nf3 e4 5. Ng5 Bf5 6. f3 exf3 7. gxf3 h6 8. Nh3
Nh5 9. Nf2 Qh4 10. e4 Bd7 11. Be3 Be7 12. Qd2 Bg5 13. Nd5 Bxe3 14. Qxe3 Kd8 15.
O-O-O c6 16. Nc3 Qf4 17. Qxf4 Nxf4 18. Nd3 Nxd3+ 19. Bxd3 Kc7 20. h4 a5 21. h5
Na6 22. a3 Rae8 23. Rdg1 Rhg8 24. Rg3 Re7 25. Rhg1 f6 26. f4 Be8 27. Be2 Kd8
28. Kd2 Nc7 29. f5 Bd7 30. Rg6 d5 31. cxd5 cxd5 32. exd5 Ne8 33. Bd3 Rf8 34. b4
axb4 35. axb4 Rff7 36. R6g2 Nd6 37. Rf2 Be8 38. b5 b6 39. Ra1 Ra7 40. Re1 Rfc7
41. Re6 Rd7 42. Rh2 Bf7 43. Rh1 43... Be8 {...} 1-0

[Event "VI Torneo Primavera Vomero"]
[Site "Napoli ITA"]
[Date "2009.03.26"]
[Round "3"]
[White "Lombardo, Michele"]
[Black "Rosato, Luciano"]
[Result "0-1"]
[WhiteElo "2021"]
[BlackElo "2267"]
[PlyCount "54"]
[EventDate "2009.03.12"]

1. e4 c5 2. Nf3 Nf6 3. Nc3 d5 4. Bb5+ Nc6 5. e5 Ne4 6. Nxe4 dxe4 7. Bxc6+ bxc6
8. Ng5 Qd5 9. Qe2 Bf5 10. c4 Qd3 11. Qxd3 exd3 12. O-O h6 13. Nf3 g5 14. b3 e6
15. Ba3 Be7 16. Rac1 g4 17. Ne1 O-O 18. Rc3 Rfd8 19. f3 h5 20. fxg4 hxg4 21.
Rxf5 exf5 22. Nxd3 a5 23. Kf2 a4 24. Ke2 axb3 25. Rxb3 Rd4 26. Rc3 Rad8 27. Bc1
Re4+ 0-1

[Event "VI Torneo Primavera Vomero"]
[Site "Napoli ITA"]
[Date "2009.03.26"]
[Round "3"]
[White "Messina, Enrico"]
[Black "De Rosa, Francesco"]
[Result "1-0"]
[WhiteElo "2147"]
[BlackElo "1948"]
[PlyCount "123"]
[EventDate "2009.03.12"]

1. e4 c5 2. Nf3 Nc6 3. b3 d6 4. Bb2 Nf6 5. Nc3 g6 6. d4 cxd4 7. Nxd4 Nxd4 8.
Qxd4 Bg7 9. O-O-O O-O 10. Kb1 Ng4 11. Qd2 Be6 12. h3 Ne5 13. f4 Nc6 14. g4 Qa5
15. Nd5 Qxd2 16. Rxd2 Rac8 17. c4 Rfe8 18. Bg2 a5 19. Re1 Bxb2 20. Kxb2 f6 21.
Ne3 Kg7 22. h4 a4 23. g5 fxg5 24. hxg5 Rf8 25. f5 gxf5 26. exf5 Bxf5 27. Nxf5+
Rxf5 28. Bxc6 Rxc6 29. Rxe7+ Rf7 30. Re6 axb3 31. axb3 Rd7 32. Rd5 Rc5 33.
Rdxd6 Rdc7 34. Rd5 b5 35. Re7+ Rxe7 36. Rxc5 bxc4 37. Rxc4 Re5 38. Rg4 Kg6 39.
b4 Kf5 40. Rg1 Ke6 41. Rg4 Kf5 42. Rg2 Ke6 43. Kc3 Kd5 44. Rg4 Re3+ 45. Kc2
Re2+ 46. Kb3 Re3+ 47. Ka4 Re1 48. Ka5 Ra1+ 49. Kb6 Rc1 50. Kb7 Rb1 51. Kb6 Rb3
52. b5 Rb1 53. Rh4 Rg1 54. Rxh7 Rxg5 55. Kb7 Kc5 56. b6 Kb5 57. Rf7 Re5 58. Rg7
Rf5 59. Ka7 Ka4 60. b7 Ra5+ 61. Kb8 Rf5 62. Kc8 1-0

[Event "VI Torneo Primavera Vomero"]
[Site "Napoli ITA"]
[Date "2009.03.26"]
[Round "3"]
[White "Pinto, Gaetano"]
[Black "Esposito, Pino"]
[Result "1-0"]
[WhiteElo "2044"]
[BlackElo "1832"]
[PlyCount "97"]
[EventDate "2009.03.12"]

1. d4 d5 2. c4 e6 3. Nc3 Nf6 4. cxd5 exd5 5. Bg5 c6 6. Qc2 Nbd7 7. e3 Bd6 8.
Bd3 h6 9. Bh4 O-O 10. Nf3 Re8 11. O-O Qc7 12. Bg3 Nf8 13. Ne5 Ng4 14. Nxg4 Bxg4
15. Nxd5 Qd8 16. Bxd6 Qxd6 17. Nf4 Rad8 18. Rfc1 Ne6 19. Nxe6 Bxe6 20. Qc5 Qxc5
21. Rxc5 a6 22. b4 Re7 23. a4 Kf8 24. h3 Ra8 25. Rb1 Ba2 26. Rb2 Be6 27. b5
axb5 28. axb5 Bd7 29. bxc6 bxc6 30. Be2 f5 31. Bf3 f4 32. exf4 Ra4 33. Rd2 Re1+
34. Kh2 Re6 35. Bg4 Rd6 36. Bxd7 Rxd7 37. Rxc6 Rdxd4 38. Rxd4 Rxd4 39. Kg3 Kf7
40. Kf3 Rd2 41. g4 Ra2 42. f5 Ra3+ 43. Kg2 Ra4 44. Kg3 Ra3+ 45. f3 Ra1 46. h4
Rg1+ 47. Kf4 Rh1 48. h5 Re1 49. Rg6 1-0

[Event "VI Torneo Primavera Vomero"]
[Site "Napoli ITA"]
[Date "2009.03.26"]
[Round "3"]
[White "Supino, Domenico"]
[Black "D'Orta, Antonio"]
[Result "0-1"]
[WhiteElo "2080"]
[BlackElo "1833"]
[PlyCount "62"]
[EventDate "2009.03.12"]

1. e4 Nc6 2. Nf3 g6 3. d4 Bg7 4. Bc4 e6 5. O-O d5 6. exd5 exd5 7. Bb5 Nge7 8.
Re1 O-O 9. c3 a6 10. Bd3 Qd6 11. Nbd2 Bg4 12. h3 Bf5 13. Nf1 Rae8 14. Ne3 Be4
15. Bxe4 dxe4 16. Ng5 Nf5 17. Nxf5 gxf5 18. h4 Ne7 19. g3 Nd5 20. Nh3 e3 21. f4
b5 22. Qf3 c5 23. Bxe3 Nxe3 24. Rxe3 cxd4 25. Rd3 Qb6 26. Kg2 dxc3 27. bxc3 Re4
28. Rad1 Rfe8 29. Ng1 Qe6 30. R1d2 Re3 31. Qf2 Qe4+ 0-1

[Event "VI Torneo Primavera Vomero"]
[Site "Napoli ITA"]
[Date "2009.04.02"]
[Round "4"]
[White "Caccaviello, Vincenzo"]
[Black "Angelotti, Mario"]
[Result "1-0"]
[WhiteElo "1688"]
[BlackElo "1398"]
[PlyCount "81"]
[EventDate "2009.03.12"]

1. e4 c5 2. Nf3 Nc6 3. Bb5 g6 4. Bxc6 bxc6 5. d4 cxd4 6. Qxd4 Nf6 7. O-O Bg7 8.
Nc3 d6 9. Bg5 c5 10. Qd2 Rb8 11. Rab1 h6 12. Bf4 Nh5 13. Be3 g5 14. h3 Be6 15.
b3 Qd7 16. Kh2 g4 17. hxg4 Bxg4 18. Ne1 Be5+ 19. f4 Bxc3 20. Qxc3 Rg8 21. Nf3
Rb4 22. Qd3 Qc6 23. c4 Rb7 24. Qd5 Qd7 25. e5 Be6 26. Qd2 Ng3 27. Rfd1 Ne4 28.
Qe1 Bf5 29. exd6 Nxd6 30. Rbc1 Qc6 31. Rd5 Ne4 32. Rxf5 Qg6 33. Nh4 Qc6 34. Rd5
e6 35. Rd3 f5 36. Rcd1 Kf7 37. Nf3 Kf6 38. Qh4+ Kg7 39. Ne5 Qe8 40. Rd7+ Rxd7
41. Rxd7+ 1-0

[Event "VI Torneo Primavera Vomero"]
[Site "Napoli ITA"]
[Date "2009.04.02"]
[Round "4"]
[White "Cante, Guido"]
[Black "Caiazzo, Diego"]
[Result "1-0"]
[WhiteElo "1781"]
[BlackElo "1892"]
[PlyCount "123"]
[EventDate "2009.03.12"]

1. e4 d5 2. exd5 Qxd5 3. Nc3 Qa5 4. g3 Nf6 5. Bg2 c6 6. Nge2 e6 7. O-O Be7 8.
a3 O-O 9. d4 Nbd7 10. Bd2 Qc7 11. b4 a6 12. Bf4 Bd6 13. Bxd6 Qxd6 14. Na4 Rd8
15. c4 Qc7 16. Qc1 Rb8 17. Rd1 Nb6 18. Nc5 Bd7 19. Nd3 Be8 20. Ne5 Nfd7 21. Ng4
Nf8 22. h4 Qe7 23. Ne3 h6 24. c5 Nd5 25. Nxd5 exd5 26. Nf4 Qf6 27. Qe3 Bd7 28.
Qe5 Qxe5 29. dxe5 Bf5 30. Ne2 Ne6 31. Nd4 Nxd4 32. Rxd4 Re8 33. f4 f6 34. Re1
fxe5 35. fxe5 Re7 36. Rd2 Rbe8 37. Rde2 d4 38. Bf3 d3 39. Rd2 Rxe5 40. Rxe5
Rxe5 41. Kf2 Kf7 42. g4 Bh7 43. h5 Kf6 44. Bg2 Kg5 45. Bf3 Kf4 46. Bd1 Re3 47.
Kf1 Be4 48. Rf2+ Bf3 49. g5 hxg5 50. Bb3 Kg3 51. Bc4 Bg2+ 52. Rxg2+ Kh4 53. Rd2
Kxh5 54. Rxd3 Re4 55. Rh3+ Kg4 56. Rc3 Kf4 57. Be2 Ke5 58. Rg3 Kf6 59. Kf2 Re5
60. Bg4 Re8 61. Rf3+ Kg6 62. Bf5+ 1-0

[Event "VI Torneo Primavera Vomero"]
[Site "Napoli ITA"]
[Date "2009.04.02"]
[Round "4"]
[White "Capozzoli, Silvio"]
[Black "Franco, Vincenzo"]
[Result "0-1"]
[WhiteElo "1944"]
[BlackElo "1790"]
[PlyCount "50"]
[EventDate "2009.03.12"]

1. e4 e5 2. d4 exd4 3. Nf3 Nc6 4. Bc4 Bc5 5. c3 d3 6. Qxd3 Nge7 7. Bxf7+ Kxf7
8. Qc4+ d5 9. Qxc5 Re8 10. Ng5+ Kg8 11. O-O b6 12. Qb5 a6 13. Qe2 h6 14. exd5
Nxd5 15. Ne4 Qh4 16. f3 Ne5 17. Qf2 Qh5 18. Rd1 Be6 19. Be3 Nc4 20. Bc1 Rad8
21. b3 Ne5 22. Na3 Bf5 23. Qe1 Nxf3+ 24. gxf3 Qxf3 25. Qg3 Qxd1+ 0-1

[Event "VI Torneo Primavera Vomero"]
[Site "Napoli ITA"]
[Date "2009.04.02"]
[Round "4"]
[White "D'Orta, Antonio"]
[Black "Lombardo, Michele"]
[Result "1-0"]
[WhiteElo "1833"]
[BlackElo "2021"]
[PlyCount "85"]
[EventDate "2009.03.12"]

1. e4 c5 2. f4 d6 3. Nf3 Nc6 4. Nc3 Nf6 5. d4 cxd4 6. Nxd4 a6 7. Be3 e6 8. Be2
Be7 9. Qd2 Qc7 10. Bf3 Bd7 11. O-O-O Rc8 12. g4 Na5 13. g5 Nc4 14. Qd3 Nxe3 15.
Qxe3 Ng8 16. h4 b5 17. Qd2 b4 18. Nb1 a5 19. e5 dxe5 20. fxe5 Bc5 21. c3 Ne7
22. Nb3 Bb6 23. Rhe1 Nf5 24. Qf4 a4 25. N3d2 bxc3 26. Nxc3 Bc6 27. Nde4 Bxe4
28. Bxe4 Bd4 29. Bxf5 Bxc3 30. Qxa4+ Kf8 31. bxc3 Qxc3+ 32. Bc2 Qa1+ 33. Kd2
Rd8+ 34. Ke3 Qxe5+ 35. Qe4 Qg3+ 36. Ke2 Qh2+ 37. Kf1 Rc8 38. Re2 Qh3+ 39. Kf2
Qh2+ 40. Kf1 Qh3+ 41. Kg1 h6 42. Rd3 Qf5 43. Qb4+ 1-0

[Event "VI Torneo Primavera Vomero"]
[Site "Napoli ITA"]
[Date "2009.04.02"]
[Round "4"]
[White "De Meo, Guido"]
[Black "Accardo, Francesco"]
[Result "0-1"]
[WhiteElo "1974"]
[BlackElo "1861"]
[PlyCount "68"]
[EventDate "2009.03.12"]

1. d4 e6 2. c4 Be7 3. g3 f5 4. Bg2 g5 5. Nc3 Nh6 6. e4 O-O 7. Nge2 Nc6 8. O-O
Qe8 9. exf5 Nxf5 10. Ne4 h6 11. N2c3 Nb4 12. a3 Nc6 13. Be3 d6 14. b4 e5 15.
Nb5 Bd8 16. dxe5 Nxe5 17. Qe2 Be6 18. Nd2 c6 19. Nd4 Bd7 20. Ne4 Bc7 21. Rfe1
Qg6 22. Rad1 Ng7 23. Nc3 Bg4 24. f3 Bd7 25. Ne4 a6 26. Nb3 Nf5 27. Bf2 Rae8 28.
Qf1 b5 29. cxb5 axb5 30. Nd4 Ng7 31. Bh3 g4 32. fxg4 c5 33. bxc5 Ba5 34. Re3
Nc4 0-1

[Event "VI Torneo Primavera Vomero"]
[Site "Napoli ITA"]
[Date "2009.04.02"]
[Round "4"]
[White "Di Gennaro, Antonio"]
[Black "Della Corte, Alessandro"]
[Result "0-1"]
[WhiteElo "1592"]
[BlackElo "2238"]
[PlyCount "68"]
[EventDate "2009.03.12"]

1. e4 c5 2. Nf3 d6 3. d4 cxd4 4. Nxd4 Nf6 5. Nc3 a6 6. Be3 e5 7. Nb3 Be6 8. f3
h5 9. Qd2 Nbd7 10. O-O-O Qc7 11. Kb1 Be7 12. h3 Rc8 13. Bd3 h4 14. f4 exf4 15.
Bxf4 Ne5 16. Bxe5 dxe5 17. Qf2 b5 18. Rc1 Bb4 19. Nd1 Nd7 20. c3 Be7 21. Qc2
Bxb3 22. Qxb3 Nc5 23. Qc2 Bg5 24. Nf2 Bxc1 25. Rxc1 O-O 26. Be2 Rcd8 27. Bg4
Rd6 28. Bf5 g6 29. Bg4 Rfd8 30. Rd1 Rxd1+ 31. Nxd1 Qd6 32. b4 Na4 33. Be2 Qd2
34. Bf1 Qxd1+ 0-1

[Event "VI Torneo Primavera Vomero"]
[Site "Napoli ITA"]
[Date "2009.04.02"]
[Round "4"]
[White "Esposito, Rosario"]
[Black "Donzella, Emanuele"]
[Result "1-0"]
[WhiteElo "1867"]
[BlackElo "1673"]
[PlyCount "99"]
[EventDate "2009.03.12"]

1. d4 d5 2. c4 c6 3. Nf3 Nf6 4. Nc3 Bg4 5. Bg5 Nbd7 6. cxd5 cxd5 7. Qa4 Be6 8.
e3 a6 9. Bxf6 gxf6 10. g3 Bg7 11. Bg2 b5 12. Qd1 Nb6 13. O-O Qd7 14. Ne2 Nc4
15. b3 Nd6 16. Nc1 Ne4 17. Nd3 Nc3 18. Qe1 Ne4 19. Nd2 Nc3 20. Nc5 Qa7 21. Nb1
Nxb1 22. Rxb1 Rd8 23. Rc1 Bf5 24. Qd2 O-O 25. b4 e5 26. Rc3 Bc8 27. Rfc1 e4 28.
Nb3 Qe7 29. Rc7 Qe6 30. R1c6 Rd6 31. Nc5 Rxc6 32. Nxe6 Rxe6 33. Bh3 Ree8 34.
Bxc8 Rxc8 35. Qc2 Ra8 36. Qc6 Rfd8 37. Rd7 Rac8 38. Rxd8+ Rxd8 39. Qxa6 Bf8 40.
Qxb5 Kg7 41. Qa4 Kg6 42. b5 Kg5 43. h3 h5 44. h4+ Kf5 45. Qb3 Ke6 46. a4 Rc8
47. a5 Rc4 48. a6 Rb4 49. Qxb4 Bxb4 50. a7 1-0

[Event "VI Torneo Primavera Vomero"]
[Site "Napoli ITA"]
[Date "2009.04.02"]
[Round "4"]
[White "Ficco, Corrado"]
[Black "Messina, Enrico"]
[Result "1/2-1/2"]
[WhiteElo "2154"]
[BlackElo "2147"]
[PlyCount "104"]
[EventDate "2009.03.12"]

1. e4 c5 2. Nf3 d6 3. d4 cxd4 4. Nxd4 Nf6 5. Nc3 g6 6. Be3 Bg7 7. f3 Nc6 8. Qd2
O-O 9. O-O-O d5 10. Kb1 Nxd4 11. e5 Nxf3 12. gxf3 Nh5 13. Nxd5 Be6 14. f4 Bxd5
15. Qxd5 Qxd5 16. Rxd5 Bh6 17. Bc4 Bxf4 18. Bxf4 Nxf4 19. Rd7 e6 20. Rxb7 Rfc8
21. b3 Rab8 22. Rxb8 Rxb8 23. Rf1 g5 24. Rg1 h6 25. h4 Ng6 26. hxg5 Nxe5 27.
gxh6+ Kh7 28. Be2 Kxh6 29. c4 f5 30. Kc2 Ng6 31. c5 e5 32. Ba6 Rf8 33. c6 Rf7
34. Rd1 Rc7 35. Bb7 Nf8 36. Rd5 Re7 37. Kd1 Kg5 38. Rd8 Ne6 39. Rd7 Rxd7+ 40.
cxd7 Kf6 41. b4 Ke7 42. Bc6 Nf8 43. d8=Q+ Kxd8 44. Kd2 Kc7 45. Be8 Ne6 46. Ke3
Kd6 47. Bg6 Nd4 48. Kd3 Kd5 49. Bf7+ Kc6 50. Be8+ Kd5 51. Bf7+ Kc6 52. Be8+ Kd5
1/2-1/2

[Event "VI Torneo Primavera Vomero"]
[Site "Napoli ITA"]
[Date "2009.04.02"]
[Round "4"]
[White "Gallo, Thomas Renato"]
[Black "De Fazio, Giovanni"]
[Result "0-1"]
[WhiteElo "1888"]
[BlackElo "1812"]
[PlyCount "134"]
[EventDate "2009.03.12"]

1. d4 d5 2. Nf3 Nf6 3. c4 dxc4 4. Qa4+ Nc6 5. Nc3 e6 6. e3 Bd7 7. Qxc4 a6 8.
Be2 Be7 9. O-O O-O 10. Ne5 b5 11. Nxc6 bxc4 12. Nxd8 Rfxd8 13. Bxc4 Rdb8 14. b3
Bb4 15. Bb2 a5 16. Rfc1 c6 17. Na4 Ne4 18. Bd3 Nf6 19. Nc5 Bc8 20. Rc4 a4 21.
Rc2 axb3 22. axb3 Rxa1+ 23. Bxa1 Bxc5 24. Rxc5 Rxb3 25. Rxc6 Bd7 26. Rc3 Rb8
27. Rc1 Kf8 28. h3 Ke7 29. Kf1 Ra8 30. Bc3 Nd5 31. Bd2 Ra2 32. Ke1 Kf6 33. g4
h6 34. f4 Ke7 35. e4 Nf6 36. f5 exf5 37. gxf5 Nh5 38. Bb4+ Kd8 39. Bc4 Nf4 40.
Bd2 Ng2+ 41. Ke2 Ra3 42. Bd3 Ra2 43. Rg1 Nf4+ 44. Ke3 Nxd3 45. Kxd3 Ra3+ 46.
Kc4 Rxh3 47. Rxg7 Ke8 48. Bb4 Ba4 49. Rg8+ Kd7 50. Kd5 h5 51. Rg1 h4 52. Ke5
Rb3 53. Bd2 h3 54. Bf4 Rf3 55. Rh1 Bb5 56. Ra1 f6+ 57. Kxf6 Rxf4 58. e5 Rxd4
59. e6+ Kd6 60. Ra8 Rh4 61. Kg5 h2 62. Rd8+ Ke7 63. Rg8 h1=Q 64. Rg7+ Kd6 65.
Kf6 Rh6+ 66. Kf7 Qh5+ 67. Rg6 Qxf5+ 0-1

[Event "VI Torneo Primavera Vomero"]
[Site "Napoli ITA"]
[Date "2009.04.02"]
[Round "4"]
[White "Rosato, Luciano"]
[Black "La Gatta, Giovanni"]
[Result "1/2-1/2"]
[WhiteElo "2267"]
[BlackElo "2136"]
[PlyCount "54"]
[EventDate "2009.03.12"]

1. d4 Nf6 2. c4 e6 3. Nc3 Bb4 4. Bg5 c5 5. d5 b5 6. e4 h6 7. Bxf6 Qxf6 8. Qf3
bxc4 9. Qxf6 gxf6 10. Bxc4 d6 11. Nge2 Ba6 12. Bxa6 Nxa6 13. O-O-O Ke7 14. g4
Nc7 15. Nf4 Rhg8 16. Rhg1 Bxc3 17. bxc3 Rab8 18. Kc2 Rb6 19. Rb1 Nb5 20. Kd2
Rgb8 21. Rg3 Na3 22. Rxb6 Rxb6 23. Nd3 Nc4+ 24. Kc1 Ra6 25. Kc2 Na3+ 26. Kb2
Nc4+ 27. Kc2 Na3+ 1/2-1/2

[Event "VI Torneo Primavera Vomero"]
[Site "Napoli ITA"]
[Date "2009.04.02"]
[Round "4"]
[White "Vannini, Aldo"]
[Black "Pinto, Gaetano"]
[Result "0-1"]
[WhiteElo "1853"]
[BlackElo "2044"]
[PlyCount "102"]
[EventDate "2009.03.12"]

1. e4 d6 2. d4 Nf6 3. Nc3 e5 4. dxe5 dxe5 5. Qxd8+ Kxd8 6. Bg5 Be6 7. Nd5 Nbd7
8. f3 h6 9. Nxf6 Nxf6 10. Bxf6+ gxf6 11. Bd3 h5 12. Ne2 Bd6 13. a3 h4 14. O-O-O
Ke7 15. g3 Rh6 16. g4 Rhh8 17. c4 a5 18. Nc3 c6 19. Na4 Rad8 20. Rhg1 Rhg8 21.
Rg2 Bb8 22. Nc3 Ba7 23. Kc2 Rd7 24. Bf1 Rxd1 25. Nxd1 Bd4 26. Nc3 Kd6 27. Rd2
Kc7 28. h3 Rd8 29. Bd3 Kd6 30. Be2 Ke7 31. Bd3 Rb8 32. Bf1 Bd7 33. a4 Be6 34.
b3 Be3 35. Rd1 Bc5 36. Bd3 Bd4 37. Bf1 Rd8 38. Bd3 Bc5 39. Re1 Bb4 40. Rd1 Kd6
41. Be2+ Kc7 42. Rxd8 Kxd8 43. Nd1 Bc5 44. Kd3 Bd4 45. Nc3 Kc7 46. Kc2 Kd6 47.
Kd3 Kc5 48. Na2 b5 49. axb5 cxb5 50. Kc2 bxc4 51. bxc4 Bxc4 0-1

[Event "VI Torneo Primavera Vomero"]
[Site "Napoli ITA"]
[Date "2009.04.09"]
[Round "5"]
[White "Borrelli, Salvatore"]
[Black "Capozzoli, Silvio"]
[Result "1/2-1/2"]
[WhiteElo "1746"]
[BlackElo "1944"]
[PlyCount "67"]
[EventDate "2009.03.12"]

1. f4 Nf6 2. Nf3 d5 3. e3 c5 4. b3 Nc6 5. Bb5 Bd7 6. O-O e6 7. Bb2 Nb4 8. Bxd7+
Qxd7 9. Ne5 Qc7 10. a3 Nc6 11. Qe1 Be7 12. d3 O-O 13. Nd2 Nd7 14. Ndf3 Ndxe5
15. Nxe5 Bf6 16. Qg3 d4 17. Nxc6 Qxc6 18. e4 b5 19. e5 Bd8 20. f5 exf5 21. Rxf5
Qe6 22. Qf3 Be7 23. Re1 Rad8 24. Bc1 g6 25. Rf4 f5 26. Qb7 Bg5 27. Rff1 Bxc1
28. Rxc1 Qd7 29. Qxd7 Rxd7 30. e6 Re7 31. Rce1 Rc8 32. Re5 Kg7 33. Rd5 Kf6 34.
g4 1/2-1/2

[Event "VI Torneo Primavera Vomero"]
[Site "Napoli ITA"]
[Date "2009.04.09"]
[Round "5"]
[White "De Fazio, Giovanni"]
[Black "Rosato, Luciano"]
[Result "0-1"]
[WhiteElo "1812"]
[BlackElo "2267"]
[PlyCount "117"]
[EventDate "2009.03.12"]

1. e4 g6 2. d4 Bg7 3. Nf3 d6 4. c3 Nf6 5. Bd3 O-O 6. O-O Nc6 7. Bg5 h6 8. Bh4
e5 9. dxe5 dxe5 10. h3 g5 11. Bg3 Nh5 12. Qc2 Qe7 13. Nbd2 Be6 14. Nb3 a6 15.
Rfd1 Kh8 16. Nc1 Rg8 17. Kh1 Qf6 18. Be2 Qg6 19. Nd2 Nf4 20. Bc4 Nd8 21. Re1
Qh5 22. Bxe6 Ndxe6 23. f3 Bf6 24. Ne2 Rg7 25. Nc4 Nxh3 26. gxh3 Qxh3+ 27. Kg1
Nf4 28. Ne3 Be7 29. b4 Nxe2+ 30. Rxe2 Qxg3+ 31. Rg2 Qxf3 32. Nf5 Bd6 33. Rf1
Qh5 34. Nxg7 Kxg7 35. Qf2 Qg6 36. Rg3 f6 37. Rf3 Rf8 38. Rf5 b6 39. Qe2 a5 40.
a3 axb4 41. axb4 Ra8 42. Qb5 Rd8 43. Qc6 Rf8 44. Qb5 Qf7 45. c4 Qe7 46. Rb1 Ra8
47. Rd1 Qe8 48. Qd5 Qh5 49. Rf2 Rd8 50. Rdf1 Qh3 51. c5 bxc5 52. bxc5 Be7 53.
Qc4 Rd3 54. Rg2 Rc3 55. Rh2 Qxh2+ 56. Kxh2 Rxc4 57. Rd1 Rxc5 58. Rd7 Kf7 59.
Kg3 0-1

[Event "VI Torneo Primavera Vomero"]
[Site "Napoli ITA"]
[Date "2009.04.09"]
[Round "5"]
[White "Della Corte, Alessandro"]
[Black "De Rosa, Francesco"]
[Result "1-0"]
[WhiteElo "2238"]
[BlackElo "1948"]
[PlyCount "53"]
[EventDate "2009.03.12"]

1. e4 c5 2. Nf3 d6 3. d4 cxd4 4. Nxd4 Nf6 5. Nc3 a6 6. h3 g6 7. g4 Nc6 8. Nde2
Bg7 9. Bg2 O-O 10. O-O e6 11. f4 Qc7 12. Be3 b5 13. Ng3 Bb7 14. g5 Nd7 15. f5
Be5 16. Qg4 d5 17. fxe6 Bxc3 18. exf7+ Rxf7 19. Rxf7 Kxf7 20. bxc3 Nce5 21.
Rf1+ Kg7 22. Bd4 Qd6 23. exd5 Bxd5 24. Bxe5+ Nxe5 25. Qd4 Rd8 26. Rd1 Kf8 27.
Qf2+ 1-0

[Event "VI Torneo Primavera Vomero"]
[Site "Napoli ITA"]
[Date "2009.04.09"]
[Round "5"]
[White "La Gatta, Giovanni"]
[Black "Ficco, Corrado"]
[Result "1-0"]
[WhiteElo "2136"]
[BlackElo "2154"]
[PlyCount "127"]
[EventDate "2009.03.12"]

1. d4 f5 2. g3 Nf6 3. Bg2 g6 4. Nh3 Bg7 5. O-O O-O 6. c4 e6 7. Nc3 d6 8. Nf4
Qe7 9. e4 fxe4 10. Nxe4 Nxe4 11. Bxe4 c6 12. Re1 Qf6 13. Be3 e5 14. dxe5 dxe5
15. Ne2 Na6 16. Nc3 Be6 17. Qe2 Bf5 18. Rad1 Qe7 19. Bg2 Nc5 20. b4 Nd7 21. b5
Rfc8 22. bxc6 bxc6 23. Ne4 Bxe4 24. Bxe4 Nf6 25. Bg2 Qc7 26. Bc5 Rd8 27. Rxd8+
Rxd8 28. Rd1 Rxd1+ 29. Qxd1 e4 30. Bh3 h6 31. Be6+ Kh7 32. Qd6 Qb7 33. Qd1 Qb8
34. Be3 Qe5 35. Bh3 a5 36. Bf1 h5 37. Be2 Qb2 38. Qd2 Qe5 39. h3 Qc7 40. Bf4
Qb6 41. Kg2 c5 42. Be3 Qc7 43. Qc2 Qc6 44. Qb1 Nd7 45. Qd1 Nf6 46. g4 hxg4 47.
hxg4 Nd7 48. Qd2 Kg8 49. Qxa5 Bd4 50. Qd8+ Kf7 51. Qg5 Nf6 52. Qf4 Ke7 53. g5
Nd7 54. Qh4 Bxe3 55. fxe3 Ne5 56. Qh7+ Nf7 57. Bh5 Qe6 58. Qxg6 Qxg6 59. Bxg6
Nxg5 60. a4 Kd6 61. Kg3 Nf3 62. Bxe4 Nd2 63. Bd5 Nb3 64. Kf4 1-0

[Event "VI Torneo Primavera Vomero"]
[Site "Napoli ITA"]
[Date "2009.04.09"]
[Round "5"]
[White "Lombardi, Ottavio"]
[Black "De Meo, Guido"]
[Result "1-0"]
[WhiteElo "1770"]
[BlackElo "1974"]
[PlyCount "127"]
[EventDate "2009.03.12"]

1. d4 d5 2. Nf3 c5 3. c4 e6 4. Nc3 cxd4 5. Nxd4 Nf6 6. cxd5 Nxd5 7. Bd2 Bc5 8.
Nb3 Bb6 9. g3 O-O 10. Bg2 Nxc3 11. Bxc3 Qe7 12. O-O Rd8 13. Qc2 Nc6 14. Rad1
Bd7 15. a3 Rac8 16. Qe4 f5 17. Qf3 g5 18. Qh5 Be8 19. Qh6 Bg6 20. Bxc6 Rxc6 21.
Bb4 Qf6 22. Bc3 e5 23. Rxd8+ Bxd8 24. f4 gxf4 25. gxf4 Bb6+ 26. Kg2 Rxc3 27.
bxc3 Qc6+ 28. Rf3 Qc4 29. Nc1 e4 30. Rg3 Qc6 31. Kh3 Qf6 32. Nb3 Bf2 33. Qg5
Qxg5 34. Rxg5 Kf7 35. Rg2 Be1 36. c4 Kf6 37. e3 Bf7 38. Nd2 Bh5 39. Nb3 Bg4+
40. Rxg4 fxg4+ 41. Kxg4 Bf2 42. Nd2 Bxe3 43. Nxe4+ Kg7 44. Kf5 b6 45. a4 h5 46.
Nc3 Kf7 47. Nd5 Bg1 48. h4 Bf2 49. Kg5 Ke6 50. f5+ Kf7 51. Kxh5 Bd4 52. Kg5 Bb2
53. Nc7 Bc1+ 54. Kg4 Bb2 55. Nb5 a6 56. Nc7 a5 57. Nd5 Bd4 58. h5 Kg7 59. Kg5
Kg8 60. Kg6 Kf8 61. h6 Kg8 62. f6 Be5 63. Nxb6 Bd6 64. Nd7 1-0

[Event "VI Torneo Primavera Vomero"]
[Site "Napoli ITA"]
[Date "2009.04.09"]
[Round "5"]
[White "Messina, Enrico"]
[Black "Franco, Vincenzo"]
[Result "1-0"]
[WhiteElo "2147"]
[BlackElo "1790"]
[PlyCount "39"]
[EventDate "2009.03.12"]

1. e4 e5 2. d4 exd4 3. Qxd4 Nc6 4. Qe3 Be7 5. Nc3 d6 6. Bc4 Nf6 7. Bd2 a5 8.
O-O-O Bd7 9. f4 Qb8 10. Nf3 Nb4 11. e5 Ng4 12. Qe2 d5 13. Bxd5 Nxd5 14. Nxd5
Bc5 15. e6 Bc8 16. exf7+ Kxf7 17. Ng5+ Kg6 18. h4 h5 19. f5+ Bxf5 20. Nf4+ 1-0

[Event "VI Torneo Primavera Vomero"]
[Site "Napoli ITA"]
[Date "2009.04.16"]
[Round "6"]
[White "Cante, Guido"]
[Black "Accardo, Francesco"]
[Result "0-1"]
[WhiteElo "1781"]
[BlackElo "1861"]
[PlyCount "96"]
[EventDate "2009.03.12"]

1. e4 e6 2. d3 c5 3. Nf3 Nc6 4. Nbd2 b5 5. a4 b4 6. e5 f5 7. Nc4 Qc7 8. Bf4 Ba6
9. d4 Bxc4 10. Bxc4 cxd4 11. Nxd4 Nxd4 12. Qxd4 Ne7 13. O-O Ng6 14. Bb3 Bc5 15.
Qc4 Rc8 16. Kh1 Qb7 17. Bd2 Nxe5 18. Qe2 Ng4 19. f3 Nf6 20. Bxe6 dxe6 21. Qxe6+
Be7 22. Rfe1 Qd7 23. Bxb4 Qxe6 24. Rxe6 Nd5 25. Bxe7 Nxe7 26. Rae1 Rc7 27. g4
Kf7 28. c3 Rb8 29. R1e2 Rd8 30. R6e5 Rd1+ 31. Re1 Rxe1+ 32. Rxe1 Kf6 33. Rd1
Ke5 34. Rd4 Rb7 35. f4+ Ke6 36. gxf5+ Kxf5 37. Rb4 Rd7 38. Kg2 Nd5 39. Rd4
Nxf4+ 40. Kf3 Rxd4 41. cxd4 a5 42. Ke3 g5 43. Kd2 Ke4 44. Kc3 h5 45. b4 Nd5+
46. Kc4 Nxb4 47. Kb5 Kd5 48. Kxa5 Nc6+ 0-1